000 00516nam a2200181Ia 4500
008 100920s9999 xx 000 0 und d
082 _b7835
_a891.43 0
100 _aसेठ गोविन्ददास.
245 _aरहीम.
260 _bओरिएण्टल बुक डेपो, दिल्ली.
_c0
300 _a118
_bसाधी
365 _b2
520 _aहिंदी.
630 _aरहीम.
650 _aहिंदी.
730 _aरहीम.
942 _cBOOK
999 _c675577
_d675574